Statistiques concernant Focus sur: Fenrir Greyback - Harry Potter

Cliquez ici pour prendre le quiz!

Statistiques générales

  • Ce quiz a été pris 241 fois
  • Le résultat moyen est 6 sur 8

Statistiques - réponses

Informations recherchéesRéponses% Correct
EspèceLoup-Garou
98%
Première apparitionHarry Potter et le Prince de Sang-Mêlé
97%
Victime mordueRemus Lupin
87%
Couleur des cheveuxGris
75%
Lieu de rencontre avec Harry PotterPoudlard
74%
Statut du sangHybride
67%
Victime mordueBill Weasley
65%
Acteur l'interprétant dans les filmsDave Legeno
22%

Distribution des résultats

Percentile par nombre de réponses

% des personnes avec chaque résultat

Votre développement - résultats

Vous n’avez pas pris ce quiz